[Event "Muensterland Verbandsliga 1314"]
[Site "Germany"]
[Date "2014.03.15"]
[Round "7.7"]
[White "Wessel, Johannes"]
[Black "Weskamp, Matthias"]
[Result "1-0"]
[WhiteElo "1812"]
[BlackElo "1701"]
[PlyCount "63"]
[EventDate "2013.09.07"]
[EventType "team-tourn"]
[EventRounds "9"]
[EventCountry "GER"]
[SourceTitle "EXT 2015"]
[Source "ChessBase"]
[SourceDate "2014.11.20"]
[SourceVersion "1"]
[SourceVersionDate "2014.11.20"]
[SourceQuality "1"]
[WhiteTeam "Steinfurt"]
[BlackTeam "Ostbevern Westbevern"]
[WhiteTeamCountry "GER"]
[BlackTeamCountry "GER"]

1. e4 e5 2. Nf3 Nc6 3. Bc4 Bc5 4. b4 Bxb4 5. c3 Be7 6. d4 exd4 7. 0-0 d3 8. Qb3 d6 9. Bxf7+ Kf8 10. Bxg8 Rxg8 11. Ba3 Qe8 12. Qd5 Qf7 13. Qxd3 Be6 14. Nbd2 g6 15. Nd4 Kg7 16. f4 Bf6 17. Nxc6 bxc6 18. e5 Be7 19. exd6 cxd6 20. Bxd6 Bxd6 21. Qxd6 Rgd8 22. Qe5+ Kg8 23. Ne4 Bd5 24. Nf6+ Kf8 25. f5 g5 26. Rfe1 Rab8 27. Rad1 Bxa2 28. Nd7+ Rxd7 29. Qxb8+ Kg7 30. Qe5+ Kg8 31. Qe8+ Kg7 32. Rxd7 1-0

[Event "Muensterland Verbandsliga 1011"]
[Site "Germany"]
[Date "2010.09.25"]
[Round "1.6"]
[White "Becker, Daniel"]
[Black "Weskamp, Matthias"]
[Result "1-0"]
[WhiteElo "1904"]
[BlackElo "1753"]
[PlyCount "75"]
[EventDate "2010.09.25"]
[EventType "team-tourn"]
[EventRounds "9"]
[EventCountry "GER"]
[SourceTitle "EXT 2012"]
[Source "ChessBase"]
[SourceDate "2011.11.24"]
[SourceVersion "1"]
[SourceVersionDate "2011.11.24"]
[SourceQuality "1"]
[WhiteTeam "Nienberge"]
[BlackTeam "Ostbevern Westbevern"]
[WhiteTeamCountry "GER"]
[BlackTeamCountry "GER"]

1. e4 e5 2. Nc3 Nf6 3. g3 d5 4. exd5 Nxd5 5. Bg2 Nxc3 6. bxc3 Bd6 7. Ne2 0-0 8. 0-0 c6 9. d3 Be6 10. Rb1 Qc7 11. c4 Nd7 12. Be3 b6 13. Nc3 Nc5 14. f4 exf4 15. Bxf4 Rac8 16. Qh5 g6 17. Qh6 f5 18. Rbe1 Bf7 19. Bxd6 Qxd6 20. Rf4 Be8 21. Rh4 Rf7 22. Nd5 Nd7 23. Ne3 Qf8 24. Qg5 Qe7 25. Qh6 Qf8 26. Qf4 Re7 27. Qf2 Nf6 28. Rf4 Qg7 29. Rf1 Bd7 30. Qd2 Rce8 31. R4f3 c5 32. Re1 Ng4 33. h3 Nxe3 34. Rfxe3 Rxe3 35. Rxe3 Qf7 36. Bd5 Be6 37. Qe2 Qf6 38. Rxe6 1-0

[Event "Muensterland Verbandsliga 0506"]
[Site "Germany"]
[Date "2006.04.01"]
[Round "9.7"]
[White "Bruemmer, Andreas"]
[Black "Weskamp, Matthias"]
[Result "1-0"]
[WhiteElo "1953"]
[BlackElo "1755"]
[PlyCount "80"]
[EventDate "2005.08.27"]
[EventType "team"]
[EventRounds "9"]
[EventCountry "GER"]
[SourceTitle "EXT 2006"]
[Source "ChessBase"]
[SourceDate "2005.11.24"]
[SourceVersion "1"]
[SourceVersionDate "2005.11.24"]
[SourceQuality "1"]
[WhiteTeam "Rheine Klein Berlin"]
[BlackTeam "Westbevern"]
[WhiteTeamCountry "GER"]
[BlackTeamCountry "GER"]

1. d4 d5 2. c4 e6 3. Nc3 Nf6 4. Bg5 Nbd7 5. e3 c6 6. a3 dxc4 7. Bxc4 Qa5 8. Bf4 Ne4 9. Nge2 Nb6 10. Ba2 Nd5 11. Bxd5 exd5 12. 0-0 Nxc3 13. Nxc3 Be7 14. Qd2 0-0 15. Rad1 Be6 16. h3 f5 17. Be5 Qd8 18. Ne2 Rf7 19. Nf4 Bd7 20. Rc1 Qf8 21. b4 a6 22. Nd3 Re8 23. a4 Bd6 24. Rc2 Qe7 25. Rfc1 g5 26. Bxd6 Qxd6 27. Ne5 Rf6 28. b5 axb5 29. axb5 f4 30. exf4 gxf4 31. bxc6 bxc6 32. Nxc6 Bxc6 33. Rxc6 Qf8 34. Qa2 Rf5 35. Qa6 f3 36. Rc8 Kg7 37. R8c7+ Rf7 38. Qb7 Rxc7 39. Rxc7+ Kg8 40. Qxd5+ Kh8 1-0

[Event "Muensterland Verbandsklasse-B 0405"]
[Site "Muensterland"]
[Date "2005.01.22"]
[Round "5.7"]
[White "Weskamp, Matthias"]
[Black "Musholt, Joachim"]
[Result "1/2-1/2"]
[WhiteElo "1679"]
[BlackElo "1714"]
[PlyCount "92"]
[EventDate "2004.09.11"]
[EventType "team"]
[EventRounds "9"]
[EventCountry "GER"]
[SourceTitle "EXT 2006"]
[Source "ChessBase"]
[SourceDate "2005.11.24"]
[SourceVersion "1"]
[SourceVersionDate "2005.11.24"]
[SourceQuality "1"]
[WhiteTeam "Westbevern II"]
[BlackTeam "Suedlohn II"]
[WhiteTeamCountry "GER"]
[BlackTeamCountry "GER"]

1. e4 c5 2. Nc3 Nc6 3. g3 d6 4. Bg2 g6 5. d3 Bg7 6. f4 e6 7. Nf3 Nge7 8. 0-0 0-0 9. Kh1 Rb8 10. Ne2 b5 11. d4 cxd4 12. Nexd4 Qc7 13. c3 a5 14. a4 Ba6 15. axb5 Bxb5 16. Nxb5 Rxb5 17. Qd3 Rfb8 18. Rd1 d5 19. Ng5 d4 20. e5 Rb3 21. Qc4 dxc3 22. bxc3 h6 23. Ne4 Qb6 24. Be3 Qxe3 25. Re1 Rb1 26. Raxb1 Qa7 27. Nf6+ Kh8 28. Bxc6 Rc8 29. Rb7 Qxb7 30. Bxb7 Rxc4 31. Rd1 Bxf6 32. exf6 Ng8 33. Rd7 Nxf6 34. Rxf7 Ng4 35. Bf3 Ne3 36. Ra7 Rxc3 37. Kg1 Nc4 38. Be4 g5 39. fxg5 hxg5 40. Bg6 e5 41. Bf7 Nd6 42. Bd5 Rc5 43. Be6 Ne4 44. Kg2 Nc3 45. Kf2 Ne4+ 46. Ke3 Nf6 1/2-1/2

[Event "Muensterland Verbandsklasse-B 0405"]
[Site "Muensterland"]
[Date "2004.11.06"]
[Round "3.7"]
[White "Raus, Michael"]
[Black "Weskamp, Matthias"]
[Result "1-0"]
[WhiteElo "1695"]
[BlackElo "1679"]
[PlyCount "47"]
[EventDate "2004.09.11"]
[EventType "team"]
[EventRounds "9"]
[EventCountry "GER"]
[SourceTitle "EXT 2006"]
[Source "ChessBase"]
[SourceDate "2005.11.24"]
[SourceVersion "1"]
[SourceVersionDate "2005.11.24"]
[SourceQuality "1"]
[WhiteTeam "Steinfurt"]
[BlackTeam "Westbevern II"]
[WhiteTeamCountry "GER"]
[BlackTeamCountry "GER"]

1. e4 e5 2. Nf3 Nc6 3. Bc4 Bc5 4. c3 Nf6 5. d4 exd4 6. cxd4 Bb4+ 7. Bd2 Bxd2+ 8. Nbxd2 d5 9. exd5 Nxd5 10. 0-0 0-0 11. Nb3 Bg4 12. Rc1 Nce7 13. Bd3 c6 14. Bxh7+ Kxh7 15. Ng5+ Kg8 16. Qxg4 Nf6 17. Qh3 Ned5 18. f4 Qc7 19. Qh4 Ne3 20. Rf3 Nf5 21. Qh3 Qd7 22. Kh1 Rad8 23. Nc5 Qc8 24. Nce4 1-0